[Event "OBBEM Oberbayern 2012"]
[Site "Weilheim-Marnbach"]
[Date "2012.05.24"]
[Round "5.9"]
[White "Uebele, Peter"]
[Black "Szabo, Paul"]
[Result "1-0"]
[WhiteElo "2168"]
[BlackElo "1779"]
[PlyCount "105"]
[EventDate "2012.05.??"]
[WhiteTeam "SC Wolfratshausen 1948 e.V."]
[BlackTeam "SK Weilheim"]

1. e4 c5 2. Nf3 Nc6 3. d4 cxd4 4. Nxd4 d6 5. c4 Nf6 6. Nc3 Bd7 7. Bg5 Qa5 8.
Qd2 Nxd4 9. Bxf6 Nc2+ 10. Qxc2 gxf6 11. O-O-O Rc8 12. Kb1 b5 13. cxb5 Bg7 14.
Qa4 Qb6 15. Qd4 Qa5 16. Nd5 Bxb5 17. Bxb5+ Qxb5 18. Qxa7 O-O 19. Nxe7+ Kh8 20.
Nxc8 Rxc8 21. Rc1 Rb8 22. Rc2 f5 23. Qa3 h6 24. f3 fxe4 25. fxe4 Qe5 26. Rhc1
Kh7 27. Rd1 Rb6 28. g3 Qb5 29. Rxd6 Rb7 30. Qd3 Qe5 31. Qd2 Qb5 32. Rd5 Qb6 33.
e5 Rb8 34. Qd3+ Kh8 35. Qd4 Qb7 36. Rd8+ Rxd8 37. Qxd8+ Kh7 38. Qd3+ Kg8 39.
Qe2 Qh1+ 40. Rc1 Qb7 41. e6 Bf6 42. exf7+ Kxf7 43. Qc4+ Kg6 44. Qc2+ Kg5 45.
h4+ Kg4 46. Qg6+ Kh3 47. Qxf6 Qe4+ 48. Ka1 h5 49. Qf1+ Kh2 50. Qg1+ Kh3 51.
Qh1+ Qxh1 52. Rxh1+ Kg2 53. Rc1 1-0

[Event "OBBEM Oberbayern 2012"]
[Site "Weilheim-Marnbach"]
[Date "2012.05.24"]
[Round "5.10"]
[White "Bieringer, Konrad"]
[Black "Alefs, Frank"]
[Result "1-0"]
[WhiteElo "1944"]
[BlackElo "1960"]
[PlyCount "79"]
[EventDate "2012.05.??"]
[WhiteTeam "SK Töging"]
[BlackTeam "SK Weilheim"]

1. d4 e6 2. Nf3 f5 3. d5 exd5 4. Qxd5 Nf6 5. Qxf5 d5 6. Qd3 Bc5 7. Bg5 Bxf2+ 8.
Kxf2 Ne4+ 9. Kg1 Nxg5 10. Qe3+ Ne6 11. Nd4 Qf6 12. c3 O-O 13. Nd2 Ng5 14. N4f3
Ne4 15. Nxe4 dxe4 16. Nd2 Bf5 17. g3 Nc6 18. Bg2 Rae8 19. Rf1 Qe6 20. b3 Ne5
21. h3 Nf7 22. g4 Bg6 23. c4 a5 24. a4 b6 25. c5 bxc5 26. Rc1 Nd6 27. Rxc5 Nb7
28. Rxc7 Nd6 29. Qd4 Qe5 30. Qxe5 Rxe5 31. Rd7 Rd5 32. Nc4 Rd1+ 33. Kh2 Rxh1+
34. Kxh1 Nxc4 35. bxc4 Rf2 36. c5 Rxe2 37. c6 Rc2 38. c7 Be8 39. Rd8 Rxc7 40.
Rxe8+ 1-0

[Event "OBBEM Oberbayern 2012"]
[Site "Weilheim-Marnbach"]
[Date "2012.05.24"]
[Round "5.11"]
[White "Kretschel, Klaus"]
[Black "Theumer, Lutz"]
[Result "0-1"]
[WhiteElo "2036"]
[BlackElo "2117"]
[PlyCount "80"]
[EventDate "2012.05.??"]
[WhiteTeam "Schachklub Germering e. V."]
[BlackTeam "SC Moosburg 1956 e.V."]

1. c4 e6 2. g3 d5 3. Bg2 Nf6 4. b3 c6 5. Nf3 Nbd7 6. Bb2 Bd6 7. O-O O-O 8. d4
b6 9. Nc3 a6 10. Rc1 Bb7 11. e3 Rc8 12. Qd3 h6 13. Rfd1 Qe7 14. Nd2 e5 15. cxd5
cxd5 16. dxe5 Nxe5 17. Qb1 b5 18. Ne2 Ba3 19. Nf3 Nxf3+ 20. Bxf3 Ne4 21. h4 Bc5
22. Bd4 Bxd4 23. Nxd4 Nc3 24. Rxc3 Rxc3 25. b4 Rfc8 26. Qb2 Qf6 27. Rb1 R3c7
28. Bg4 Rd8 29. Rc1 Rc4 30. Be2 Rxc1+ 31. Qxc1 Qd6 32. Nb3 Bc8 33. Qc5 Qxc5 34.
bxc5 Bd7 35. Bf3 Bc6 36. Bg4 Bd7 37. Bf3 Be6 38. a3 Rc8 39. Bd1 Bf5 40. Nd4
Rxc5 0-1

[Event "OBBEM Oberbayern 2012"]
[Site "Weilheim-Marnbach"]
[Date "2012.05.24"]
[Round "6.1"]
[White "Zill, Christoph"]
[Black "Grawe, Christian"]
[Result "1-0"]
[WhiteElo "2219"]
[BlackElo "2199"]
[PlyCount "109"]
[EventDate "2012.05.??"]
[WhiteTeam "SK Freising"]
[BlackTeam "Schachklub Germering e. V."]

1. e4 c6 2. d4 d5 3. Nc3 dxe4 4. Nxe4 Bf5 5. Ng3 Bg6 6. h4 h6 7. h5 Bh7 8. Nf3
Nd7 9. Bd3 Bxd3 10. Qxd3 e6 11. Bd2 Ngf6 12. O-O-O Be7 13. Ne4 Nxe4 14. Qxe4
Nf6 15. Qe2 Qd5 16. Kb1 Qe4 17. Be3 Ng4 18. Nd2 Qf5 19. Nf1 Nxe3 20. Nxe3 Qe4
21. f3 Qf4 22. d5 O-O 23. dxe6 fxe6 24. Ng4 Qf5 25. Rd7 Bf6 26. Re1 Rf7 27.
Red1 Raf8 28. a3 Rxd7 29. Rxd7 Rf7 30. Rd6 Re7 31. Qe3 Bg5 32. Qxa7 Qb5 33.
Rd8+ Kh7 34. Qd4 Rf7 35. Re8 Qd5 36. Qd3+ Qxd3 37. cxd3 Re7 38. Rxe7 Bxe7 39.
Ne5 Kg8 40. Kc2 Bd8 41. d4 Kf8 42. Kd3 Ke7 43. Ke4 Bc7 44. g4 Ke8 45. f4 Bd8
46. Nd3 b6 47. Ne5 c5 48. dxc5 bxc5 49. b3 Bb6 50. g5 hxg5 51. fxg5 Bc7 52. a4
Bd8 53. h6 gxh6 54. gxh6 Bf6 55. h7 1-0

[Event "OBBEM Oberbayern 2012"]
[Site "Weilheim-Marnbach"]
[Date "2012.05.24"]
[Round "6.2"]
[White "Niedermeier, Thomas"]
[Black "Arnoczky, Philipp"]
[Result "0-1"]
[WhiteElo "2141"]
[BlackElo "1999"]
[PlyCount "46"]
[EventDate "2012.05.??"]
[WhiteTeam "SV Ilmmünster"]
[BlackTeam "SK Bad Aibling"]

1. e4 e5 2. Bc4 Nf6 3. d3 Nc6 4. Nf3 Be7 5. Bb3 O-O 6. c3 d5 7. Qe2 Bg4 8. Nbd2
d4 9. h3 Be6 10. Bxe6 fxe6 11. Nc4 Nd7 12. a4 Nc5 13. O-O dxc3 14. Rd1 c2 15.
Qxc2 Rxf3 16. gxf3 Nd4 17. Qb1 Bg5 18. Ne3 Bf4 19. Ng4 Qh4 20. Bxf4 Ne2+ 21.
Kf1 Nxf4 22. Nxe5 Qxh3+ 23. Ke1 Nb3 0-1

[Event "OBBEM Oberbayern 2012"]
[Site "Weilheim-Marnbach"]
[Date "2012.05.24"]
[Round "6.3"]
[White "Lochte, Thomas"]
[Black "Guttenthaler, Franz"]
[Result "1-0"]
[WhiteElo "2164"]
[BlackElo "2183"]
[PlyCount "111"]
[EventDate "2012.05.??"]
[WhiteTeam "SK Weilheim"]
[BlackTeam "Schachklub Germering e. V."]

1. e4 e6 2. d4 d5 3. Nd2 a6 4. Bd3 c5 5. c3 Nc6 6. Ne2 cxd4 7. cxd4 dxe4 8.
Nxe4 Nf6 9. O-O Be7 10. Nxf6+ Bxf6 11. Be3 b5 12. Be4 Bb7 13. Nf4 Na5 14. Bxb7
Nxb7 15. Qf3 Nd6 16. Qc6+ Ke7 17. d5 Qd7 18. Qxd7+ Kxd7 19. dxe6+ fxe6 20. Rad1
Rac8 21. b4 Rc6 22. Bc5 Re8 23. Rfe1 e5 24. Nd5 Re6 25. Nxf6+ gxf6 26. Re3 Ke8
27. f4 Kf7 28. fxe5 fxe5 29. Bxd6 Rcxd6 30. Rxd6 Rxd6 31. Rxe5 Rd4 32. a3 Rd3
33. Rf5+ Kg6 34. Rf3 Rd6 35. Kf2 Re6 36. Re3 Rd6 37. Ke2 Kf5 38. Kf3 Rd1 39.
g4+ Kf6 40. h4 Rd4 41. Rc3 Ke5 42. Rc5+ Kd6 43. Rh5 Rd3+ 44. Ke4 Rxa3 45. Rh6+
Ke7 46. Rxh7+ Kf6 47. Rh6+ Kg7 48. Rd6 a5 49. bxa5 Rxa5 50. Rb6 Kf7 51. h5 Ra4+
52. Kf5 Rb4 53. Rb7+ Kf8 54. g5 Rb1 55. h6 b4 56. h7 1-0

[Event "OBBEM Oberbayern 2012"]
[Site "Weilheim-Marnbach"]
[Date "2012.05.24"]
[Round "6.5"]
[White "Finsterwalder, Sebastian"]
[Black "Höller, Armin"]
[Result "0-1"]
[WhiteElo "2066"]
[BlackElo "2088"]
[PlyCount "98"]
[EventDate "2012.05.??"]
[WhiteTeam "Gautinger SC"]
[BlackTeam "SK Bad Aibling"]

1. d4 f5 2. Bg5 Nf6 3. Bxf6 exf6 4. e3 d5 5. c4 c6 6. Nc3 dxc4 7. Bxc4 Bd6 8.
Qb3 Qe7 9. a4 a5 10. Nge2 g5 11. Ng3 Kf8 12. Qc2 Bxg3 13. hxg3 Kg7 14. Bd3 Na6
15. Bxf5 Nb4 16. Qb1 Be6 17. Qe4 Rae8 18. g4 Qd7 19. Bxe6 Rxe6 20. Qf5 h5 21.
O-O-O h4 22. Qxa5 Nd5 23. Kd2 b6 24. Qa6 Nxc3 25. bxc3 c5 26. Qc4 cxd4 27. cxd4
Rc8 28. Qb5 Qb7 29. Rc1 Rce8 30. Qf5 Qxg2 31. Rc7+ R6e7 32. Rhc1 Qa8 33. Ke2
Qxa4 34. R1c6 Qxd4 35. Kf1 Qb2 36. f4 h3 37. fxg5 Qg2+ 38. Ke1 Qg1+ 39. Kd2
Qxe3+ 40. Kc2 Qe2+ 41. Kc1 Qe3+ 42. Kc2 Qxg5 43. Qxg5+ fxg5 44. Rxe7+ Rxe7 45.
Kd2 Re4 46. Rc3 Rxg4 47. Rxh3 b5 48. Rb3 b4 49. Ke2 Rf4 0-1

[Event "OBBEM Oberbayern 2012"]
[Site "Weilheim-Marnbach"]
[Date "2012.05.24"]
[Round "6.6"]
[White "Schwertler, Philip"]
[Black "Schlosser, Andree"]
[Result "0-1"]
[WhiteElo "2006"]
[BlackElo "2157"]
[PlyCount "82"]
[EventDate "2012.05.??"]
[WhiteTeam "SV Ilmmünster"]
[BlackTeam "SAbt TuS Fürstenfeldbruck"]

1. d4 d5 2. c4 c6 3. cxd5 cxd5 4. Nc3 Nc6 5. a3 Nf6 6. Nf3 Qb6 7. e3 Bf5 8. Bd3
Bxd3 9. Qxd3 e6 10. O-O Be7 11. Bd2 O-O 12. b4 Rac8 13. Rfc1 Bd6 14. Na4 Qd8
15. Nc5 Qe7 16. Qb5 Nd8 17. Nd3 Rxc1+ 18. Rxc1 Ne4 19. Nc5 f5 20. Nd3 Nf7 21.
Be1 g5 22. Nfe5 g4 23. Qd7 Qxd7 24. Nxd7 Rd8 25. N7c5 Nxc5 26. dxc5 Bb8 27. f3
gxf3 28. gxf3 d4 29. Bh4 Rd7 30. e4 Ne5 31. Nxe5 Bxe5 32. Bg3 f4 33. Be1 d3 34.
Rd1 Bd4+ 35. Kf1 Be3 36. Bf2 Kf7 37. Be1 Ke8 38. Bh4 d2 39. Ke2 Rg7 40. Kd3 Rg2
41. Rh1 Rxh2 0-1

[Event "OBBEM Oberbayern 2012"]
[Site "Weilheim-Marnbach"]
[Date "2012.05.24"]
[Round "6.7"]
[White "Uebele, Peter"]
[Black "Graf, Christian"]
[Result "1/2-1/2"]
[WhiteElo "2168"]
[BlackElo "2146"]
[PlyCount "27"]
[EventDate "2012.05.??"]
[WhiteTeam "SC Wolfratshausen 1948 e.V."]
[BlackTeam "SU Ebersberg-Grafing"]

1. e4 c6 2. d4 d5 3. f3 g6 4. Be3 Bg7 5. c3 dxe4 6. fxe4 e5 7. Nf3 exd4 8. cxd4
Nf6 9. Nc3 O-O 10. Bc4 b5 11. Bd3 b4 12. Ne2 Re8 13. Bg5 Qb6 14. Bxf6 1/2-1/2

[Event "OBBEM Oberbayern 2012"]
[Site "Weilheim-Marnbach"]
[Date "2012.05.24"]
[Round "6.8"]
[White "Bieringer, Konrad"]
[Black "Knoblauch, Leonhard"]
[Result "0-1"]
[WhiteElo "1944"]
[BlackElo "2114"]
[PlyCount "102"]
[EventDate "2012.05.??"]
[WhiteTeam "SK Töging"]
[BlackTeam "SV Ilmmünster"]

1. d4 g6 2. e4 Bg7 3. Nf3 d6 4. Be3 Nd7 5. Bd3 c6 6. c3 Ngf6 7. Nbd2 Qc7 8. h3
O-O 9. O-O e5 10. Rc1 Re8 11. Re1 b6 12. Qc2 Nf8 13. c4 exd4 14. Nxd4 N6d7 15.
f3 Nc5 16. Bf1 Nfe6 17. Nxe6 Nxe6 18. Nb3 a5 19. Qf2 c5 20. Qd2 Bb7 21. Rcd1
Rad8 22. Na1 Bc6 23. b3 Qe7 24. Nc2 Rd7 25. Bh6 Bf6 26. g3 a4 27. Bg2 Ra8 28.
b4 b5 29. cxb5 Bxb5 30. Na3 Nd4 31. Be3 Bc6 32. Nc2 Nxc2 33. Qxc2 Qe5 34. bxc5
Qxg3 35. Bf2 Qf4 36. cxd6 Rxd6 37. Rxd6 Qxd6 38. e5 Bxe5 39. Rxe5 Qxe5 40. Qxc6
Rb8 41. Bb6 Qe1+ 42. Kh2 Qe5+ 43. Kg1 h5 44. a3 h4 45. Qc7 Qe1+ 46. Kh2 Re8 47.
Bd4 Re2 48. Qd8+ Re8 49. Qf6 Qg3+ 50. Kh1 Re1+ 51. Bg1 Qf2 0-1

[Event "OBBEM Oberbayern 2012"]
[Site "Weilheim-Marnbach"]
[Date "2012.05.24"]
[Round "6.9"]
[White "Theumer, Lutz"]
[Black "Sandner, Michael"]
[Result "0-1"]
[WhiteElo "2117"]
[BlackElo "2090"]
[PlyCount "72"]
[EventDate "2012.05.??"]
[WhiteTeam "SC Moosburg 1956 e.V."]
[BlackTeam "SG Traunstein/Traunreut e.V."]

1. d4 Nf6 2. c4 c5 3. d5 b5 4. cxb5 a6 5. bxa6 g6 6. Nc3 Bxa6 7. g3 d6 8. Bg2
Bg7 9. Nf3 Nbd7 10. O-O Nb6 11. Rb1 Bc4 12. b3 Nfxd5 13. Ne4 Ba6 14. Bb2 O-O
15. Bxg7 Kxg7 16. Qd2 Bb7 17. Qb2+ Kg8 18. Nfd2 Ra7 19. a4 Qa8 20. Rfc1 Rb8 21.
Bf3 Bc6 22. Qc2 Nb4 23. Qd1 N6d5 24. Nc3 Nxc3 25. Rxc3 Bxf3 26. Rxf3 Qd5 27.
Kf1 Nc6 28. e4 Qe6 29. Kg2 Rab7 30. Re3 Na5 31. f3 c4 32. bxc4 Nxc4 33. Re1
Rxb1 34. Nxb1 Nb2 35. Qc2 Nxa4 36. Kg1 Rb2 0-1

[Event "OBBEM Oberbayern 2012"]
[Site "Weilheim-Marnbach"]
[Date "2012.05.24"]
[Round "6.10"]
[White "Alefs, Frank"]
[Black "Szabo, Paul"]
[Result "1-0"]
[WhiteElo "1960"]
[BlackElo "1779"]
[PlyCount "75"]
[EventDate "2012.05.??"]
[WhiteTeam "SK Weilheim"]
[BlackTeam "SK Weilheim"]

1. d4 d5 2. c4 c6 3. Nf3 Nf6 4. Nc3 a6 5. h3 g6 6. Bg5 Bg7 7. e3 Qa5 8. Qd2 h6
9. Bh4 Bf5 10. g4 Be6 11. c5 Nbd7 12. a3 b5 13. cxb6 Qxb6 14. b4 Ne4 15. Qd3
Nxc3 16. Qxc3 c5 17. bxc5 Nxc5 18. Rc1 Ne4 19. Qc6+ Qxc6 20. Rxc6 g5 21. Bg3
O-O 22. Be5 Bxe5 23. Nxe5 Rfc8 24. f3 Ng3 25. Rh2 Nxf1 26. Kxf1 Kf8 27. Rhc2
Rcb8 28. f4 gxf4 29. exf4 Kg7 30. f5 Bc8 31. Rc7 Rb1+ 32. Ke2 Bb7 33. Rxe7 a5
34. Rxf7+ Kg8 35. Rcc7 Ba6+ 36. Kf3 Rf1+ 37. Kg3 Re8 38. Rg7+ 1-0

[Event "OBBEM Oberbayern 2012"]
[Site "Weilheim-Marnbach"]
[Date "2012.05.24"]
[Round "6.11"]
[White "Kretschel, Klaus"]
[Black "Seidenschwarz, Holger"]
[Result "1/2-1/2"]
[WhiteElo "2036"]
[BlackElo "1989"]
[PlyCount "85"]
[EventDate "2012.05.??"]
[WhiteTeam "Schachklub Germering e. V."]
[BlackTeam "SC 1947 Beilngries"]

1. e4 e5 2. Nf3 Nc6 3. Bb5 Nf6 4. O-O Nxe4 5. d4 Nd6 6. Bxc6 dxc6 7. dxe5 Nf5
8. Qxd8+ Kxd8 9. Nc3 Ne7 10. Bf4 Ng6 11. Bg3 Ke8 12. Ne4 Be7 13. Rfe1 h6 14.
Nd4 Be6 15. Nxe6 fxe6 16. Rad1 Rd8 17. Rxd8+ Kxd8 18. Rd1+ Ke8 19. Rd3 h5 20.
h3 h4 21. Bh2 Rh5 22. f4 Rf5 23. Rf3 b6 24. Kf2 a5 25. Ke3 Rf8 26. Bg1 Kd7 27.
Bf2 Ke8 28. Be1 Kd7 29. Bd2 Ke8 30. Ke2 Kd7 31. Nf2 Bc5 32. Be3 Be7 33. Kd3 Bd8
34. Ke4 Ne7 35. Nd3 Nf5 36. Bf2 Rh8 37. Ne1 Be7 38. Rd3+ Kc8 39. Nf3 Rh6 40.
Nh2 Rh8 41. Ng4 Rf8 42. c4 c5 43. Rf3 1/2-1/2

[Event "OBBEM Oberbayern 2012"]
[Site "Weilheim-Marnbach"]
[Date "2012.05.24"]
[Round "7.1"]
[White "Arnoczky, Philipp"]
[Black "Lochte, Thomas"]
[Result "1-0"]
[WhiteElo "1999"]
[BlackElo "2164"]
[PlyCount "91"]
[EventDate "2012.05.??"]
[WhiteTeam "SK Bad Aibling"]
[BlackTeam "SK Weilheim"]

1. d4 Nf6 2. Nf3 g6 3. c4 c5 4. d5 b5 5. cxb5 a6 6. bxa6 Bxa6 7. Nc3 d6 8. g3
Nbd7 9. Bg2 Bg7 10. Rb1 Qa5 11. O-O O-O 12. Re1 Rfb8 13. Qc2 Ng4 14. Bg5 Rxb2
15. Qxb2 Bxc3 16. Bd2 Bxb2 17. Bxa5 Bf6 18. Bd2 Bc4 19. Rb7 Nde5 20. Nxe5 Nxe5
21. f4 Ng4 22. h3 Rxa2 23. hxg4 Rxd2 24. g5 Bd4+ 25. e3 Bc3 26. Rb8+ Kg7 27.
Rc1 Rxg2+ 28. Kxg2 Bxd5+ 29. Kf2 Bb4 30. Ra1 f6 31. Ra7 fxg5 32. fxg5 Kf7 33.
Rh8 Ke6 34. g4 Be4 35. Rxh7 Kd5 36. Rhxe7 Bc3 37. Ra4 Be5 38. Rxe4 Kxe4 39. Re6
c4 40. Ke2 c3 41. Rxg6 c2 42. Kd2 c1=Q+ 43. Kxc1 Kxe3 44. Re6 Kf4 45. g6 Bg7
46. Re7 1-0

[Event "OBBEM Oberbayern 2012"]
[Site "Weilheim-Marnbach"]
[Date "2012.05.24"]
[Round "7.4"]
[White "Grawe, Christian"]
[Black "Niedermeier, Thomas"]
[Result "1-0"]
[WhiteElo "2199"]
[BlackElo "2141"]
[PlyCount "120"]
[EventDate "2012.05.??"]
[WhiteTeam "Schachklub Germering e. V."]
[BlackTeam "SV Ilmmünster"]

1. e4 e6 2. d4 d5 3. e5 c5 4. c3 Nc6 5. Nf3 Bd7 6. Be2 Qc7 7. O-O f6 8. Bf4
O-O-O 9. b4 c4 10. a4 h6 11. h4 Be8 12. Na3 g5 13. Bg3 f5 14. hxg5 hxg5 15.
Nxg5 Qg7 16. Qc1 Bd7 17. Qe3 Be7 18. f4 Nh6 19. Kf2 Ng4+ 20. Bxg4 fxg4 21. Nb5
Rdf8 22. Ke2 Qg6 23. Kd2 a5 24. Nd6+ Bxd6 25. exd6 axb4 26. cxb4 Nxb4 27. Qc3
Qd3+ 28. Qxd3 Nxd3 29. a5 Kb8 30. Rh1 Ka7 31. Rxh8 Rxh8 32. Nf7 Rh7 33. Ne5
Nxe5 34. dxe5 Ka6 35. Kc3 Rf7 36. Kd4 Bb5 37. Kc5 Rf8 38. Rb1 Rc8+ 39. Kd4 c3
40. f5 c2 41. Rc1 Rc4+ 42. Ke3 Re4+ 43. Kd2 exf5 44. Rxc2 f4 45. Rc8 Bd7 46.
Rc7 Bb5 47. d7 Bxd7 48. Rxd7 fxg3 49. Rxd5 b6 50. Kd3 Re1 51. Kd4 bxa5 52. Kc5
a4 53. Kd6 Kb6 54. e6 Re2 55. e7 a3 56. Rd3 a2 57. Rb3+ Ka5 58. Ra3+ Kb4 59.
Rxa2 Rxa2 60. e8=Q Rxg2 1-0

[Event "OBBEM Oberbayern 2012"]
[Site "Weilheim-Marnbach"]
[Date "2012.05.24"]
[Round "7.5"]
[White "Höller, Armin"]
[Black "Uebele, Peter"]
[Result "0-1"]
[WhiteElo "2088"]
[BlackElo "2168"]
[PlyCount "102"]
[EventDate "2012.05.??"]
[WhiteTeam "SK Bad Aibling"]
[BlackTeam "SC Wolfratshausen 1948 e.V."]

1. e4 c6 2. d4 d5 3. e5 Bf5 4. Nf3 e6 5. Be2 c5 6. Be3 Qb6 7. b3 Nc6 8. O-O Rc8
9. c4 dxc4 10. Na3 Rd8 11. Nxc4 Qc7 12. Nd6+ Bxd6 13. exd6 Rxd6 14. Bb5 Rd5 15.
Rc1 cxd4 16. Bxc6+ bxc6 17. Nxd4 Ne7 18. Qf3 O-O 19. a4 Qd7 20. Nxf5 Nxf5 21.
Bc5 Rb8 22. b4 Nd4 23. Bxd4 Rxd4 24. Qxc6 Qxc6 25. Rxc6 Rdxb4 26. a5 R4b5 27.
Rfc1 g6 28. Ra6 Rb1 29. Rf1 R8b7 30. g3 Kf8 31. Kg2 Rxf1 32. Kxf1 Ke7 33. Ke2
Kd7 34. Kd3 Rc7 35. Kd4 Kc8 36. h4 Rd7+ 37. Kc5 Kb7 38. Rd6 Rxd6 39. Kxd6 Ka6
40. Ke7 Kxa5 41. Kxf7 Kb5 42. Kxe6 a5 43. Kf6 a4 44. Kg7 a3 45. Kxh7 a2 46.
Kxg6 a1=Q 47. h5 Qe1 48. h6 Qxf2 49. h7 Qf8 50. g4 Kc6 51. g5 Kd5 0-1

[Event "OBBEM Oberbayern 2012"]
[Site "Weilheim-Marnbach"]
[Date "2012.05.24"]
[Round "7.6"]
[White "Knoblauch, Leonhard"]
[Black "Graf, Christian"]
[Result "1-0"]
[WhiteElo "2114"]
[BlackElo "2146"]
[PlyCount "73"]
[EventDate "2012.05.??"]
[WhiteTeam "SV Ilmmünster"]
[BlackTeam "SU Ebersberg-Grafing"]

1. e4 c6 2. d4 d5 3. exd5 cxd5 4. c4 Nf6 5. Nc3 e6 6. Nf3 Bb4 7. a3 Bxc3+ 8.
bxc3 O-O 9. Bf4 b6 10. Ne5 Bb7 11. c5 bxc5 12. Rb1 Qc8 13. dxc5 Ne4 14. Bd3
Nxc5 15. Bxh7+ Kxh7 16. Rb4 Ne4 17. O-O Nc6 18. Nxc6 Qxc6 19. Qb1 f5 20. Rxb7
Rf6 21. Be5 Rg6 22. Rc7 Qa6 23. Qd1 Nf6 24. Qd4 Rg4 25. f4 Qe2 26. g3 Kg6 27.
Qf2 Qd3 28. Qf3 Qd2 29. Rd1 Qc2 30. Qd3 Qa2 31. Qd4 Rh8 32. Rxg7+ Kxg7 33.
Bxf6+ Kf7 34. Bxh8 Rg6 35. Be5 Rh6 36. Qxa7+ Kf8 37. Qg7+ 1-0

[Event "OBBEM Oberbayern 2012"]
[Site "Weilheim-Marnbach"]
[Date "2012.05.24"]
[Round "7.8"]
[White "Sandner, Michael"]
[Black "Schwertler, Philip"]
[Result "0-1"]
[WhiteElo "2090"]
[BlackElo "2006"]
[PlyCount "112"]
[EventDate "2012.05.??"]
[WhiteTeam "SG Traunstein/Traunreut e.V."]
[BlackTeam "SV Ilmmünster"]

1. e4 c5 2. Nf3 d6 3. d4 cxd4 4. Nxd4 Nf6 5. Nc3 a6 6. f3 e5 7. Nb3 Be6 8. Be3
b5 9. Qd2 Nbd7 10. a4 b4 11. Na2 a5 12. Bb5 Be7 13. Rd1 O-O 14. O-O Qc7 15. Qf2
Bc4 16. Bxc4 Qxc4 17. Rd2 Qc6 18. Ra1 Qxa4 19. Nc3 Qc6 20. Nd5 Nxd5 21. Rxd5
Rfc8 22. Rdxa5 Rxa5 23. Rxa5 Nf6 24. Ra7 Bf8 25. Bg5 Qxc2 26. Qxc2 Rxc2 27.
Bxf6 gxf6 28. Rb7 Rxb2 29. Rxb4 d5 30. Rb7 dxe4 31. fxe4 Re2 32. Rb8 Kg7 33.
Kf1 Rxe4 34. Nd2 Rf4+ 35. Ke2 Bc5 36. Kd3 f5 37. Rb5 Bd4 38. Nb3 f6 39. Nxd4
Rxd4+ 40. Ke2 f4 41. Rb3 Kg6 42. Ra3 Rb4 43. Ra2 Rb3 44. Kf2 Kf5 45. Ke2 h5 46.
Kf2 h4 47. h3 Kg5 48. Ra8 Kf5 49. Rh8 Rb2+ 50. Kf1 f3 51. gxf3 Kf4 52. Rxh4+
Kxf3 53. Ke1 e4 54. Rh5 Rb1+ 55. Kd2 e3+ 56. Kc2 e2 0-1

[Event "OBBEM Oberbayern 2012"]
[Site "Weilheim-Marnbach"]
[Date "2012.05.24"]
[Round "7.9"]
[White "Seidenschwarz, Holger"]
[Black "Theumer, Lutz"]
[Result "1-0"]
[WhiteElo "1989"]
[BlackElo "2117"]
[PlyCount "51"]
[EventDate "2012.05.??"]
[WhiteTeam "SC 1947 Beilngries"]
[BlackTeam "SC Moosburg 1956 e.V."]

1. e4 e6 2. d4 d5 3. Nc3 Nc6 4. Nf3 Nf6 5. Bg5 Be7 6. Bxf6 Bxf6 7. e5 Be7 8.
Bb5 Bd7 9. Qd2 a6 10. Be2 O-O 11. h4 f6 12. O-O-O fxe5 13. dxe5 b5 14. Nxd5
exd5 15. Qxd5+ Rf7 16. e6 Bxe6 17. Qxe6 Qe8 18. Kb1 Bc5 19. Qd5 Be7 20. Bd3 Nb4
21. Bxh7+ Kxh7 22. Qh5+ Kg8 23. Ng5 Bxg5 24. hxg5 Rd7 25. Qh7+ Kf8 26. Qf5+ 1-0

[Event "OBBEM Oberbayern 2012"]
[Site "Weilheim-Marnbach"]
[Date "2012.05.24"]
[Round "7.10"]
[White "Szabo, Paul"]
[Black "Bieringer, Konrad"]
[Result "1-0"]
[WhiteElo "1779"]
[BlackElo "1944"]
[PlyCount "67"]
[EventDate "2012.05.??"]
[WhiteTeam "SK Weilheim"]
[BlackTeam "SK Töging"]

1. e4 c5 2. Nf3 d6 3. d4 cxd4 4. Nxd4 Nf6 5. Bd3 Nc6 6. c3 g6 7. O-O Bg7 8. Bg5
O-O 9. Nd2 Bd7 10. Kh1 Rc8 11. f4 h6 12. Bh4 Ng4 13. Nxc6 bxc6 14. Qf3 Rc7 15.
h3 Nf6 16. g4 c5 17. Rae1 Bc6 18. c4 Qb8 19. b3 a5 20. Kh2 Qb4 21. Qe2 Nh7 22.
Nf3 a4 23. g5 hxg5 24. Bxg5 axb3 25. axb3 Qxb3 26. f5 gxf5 27. Rg1 Ra7 28. Bh6
Ra2 29. Rxg7+ Kh8 30. Nd2 Qc3 31. Rg2 Nf6 32. Bg7+ Kh7 33. Bxf8 fxe4 34. Qe3
1-0

[Event "OBBEM Oberbayern 2012"]
[Site "Weilheim-Marnbach"]
[Date "2012.05.24"]
[Round "7.11"]
[White "Alefs, Frank"]
[Black "Kretschel, Klaus"]
[Result "1/2-1/2"]
[WhiteElo "1960"]
[BlackElo "2036"]
[PlyCount "43"]
[EventDate "2012.05.??"]
[WhiteTeam "SK Weilheim"]
[BlackTeam "Schachklub Germering e. V."]

1. d4 f5 2. e4 fxe4 3. Nc3 Nf6 4. Bg5 Nc6 5. d5 Ne5 6. Qe2 Nf7 7. Bxf6 exf6 8.
Nxe4 Qe7 9. O-O-O f5 10. Nc3 Qxe2 11. Bxe2 Bd6 12. Bd3 Bf4+ 13. Kb1 d6 14. g3
Be5 15. Nge2 Bd7 16. Rhe1 O-O-O 17. f4 Bxc3 18. bxc3 Rde8 19. Nd4 g6 20. Kc1
Nh6 21. h3 Kd8 22. Kd2 1/2-1/2